LIBRARY & INFORMATION CENTRE, KCAET, TAVANUR

ONLINE PUBLIC ACCESS CATALOGUE (OPAC)

Industrial organic pigments: Production, properties, applications / (Record no. 158)

MARC details
000 -LEADER
fixed length control field 00471cam a2200181ua 4500
020 ## - INTERNATIONAL STANDARD BOOK NUMBER
ISBN 3-527-28836-8
041 ## - LANGUAGE CODE
Language code of text/sound track or separate title eng
082 ## - DEWEY DECIMAL CLASSIFICATION NUMBER
Classification number 667.29
Item number HER/IN
100 ## - MAIN ENTRY--AUTHOR NAME
Personal name Herbst, Willy.
245 ## - TITLE STATEMENT
Title Industrial organic pigments: Production, properties, applications /
250 ## - EDITION STATEMENT
Edition statement 2 /
260 ## - PUBLICATION, DISTRIBUTION, ETC. (IMPRINT)
Place of publication Weinheim :
Name of publisher V C H ,
Year of publication 1997.
300 ## - PHYSICAL DESCRIPTION
Number of Pages 654 ; .
700 1# - ADDED ENTRY--PERSONAL NAME
Personal name Hunger, Klaus.
942 ## - ADDED ENTRY ELEMENTS (KOHA)
Koha item type Books
Holdings
Withdrawn status Lost status Damaged status Home library Current library Shelving location Date acquired Full call number Accession Number Koha item type
      KAUAET KAUAET General Stacks 07/04/2012 667.29 19883 Books
free website counter